000 00716nam a2200229 a 4500
999 _c7209
_d7209
001 7209
003 BD-JhCC
005 20180206125523.0
008 180206s1978 bg |||| || | 000 0 ben d
035 _a(BD-JhCC)7209
040 _aBD-JhCC
_dBD-JhCC
041 _aben
082 _a920
_bNAT 1978
100 _aনাথান, মির্জা
245 _aবাহারীস্তান-ই-গায়বী /
_cমির্জা নাথান,
260 _aঢাকা :
_bবাংলা একাডেমী,
_c1978
300 _a314 p. :
_c22 cm.
650 _aBiography
700 _aচৌধুরী, খালেকদাদ (অনূদিত)
942 _2ddc
_cBK